Leveraging technology for: Transforming healthcare (Record no. 526015)

000 -LEADER
fixed length control field 00957nam a22001457a 4500
008 - FIXED-LENGTH DATA ELEMENTS--GENERAL INFORMATION
fixed length control field 240503b ||||| |||| 00| 0 eng d
100 ## - MAIN ENTRY--PERSONAL NAME
Personal name Verma, Manisha
245 ## - TITLE STATEMENT
Title Leveraging technology for: Transforming healthcare
260 ## - PUBLICATION, DISTRIBUTION, ETC. (IMPRINT)
Place of publication, distribution, etc Yojana
300 ## - PHYSICAL DESCRIPTION
Extent 67(5), May, 2023: p.27-33
520 ## - SUMMARY, ETC.
Summary, etc Digital health captures a wide spectrum of technology-supported and operated health innovations and solutions. It aims to provide healthcare services and interventions in an increasingly technologically sophisticated world. Advancements in digital applications have led to greater use of technology in the provisioning of healthcare services to a larger cohort of the population. In recent times, the interment of medical things (LoMT) has combined medical devices and applications connecting to health IT systems that use diverse networking technologies. – Reproduced
773 ## - HOST ITEM ENTRY
Main entry heading Yojana
906 ## - LOCAL DATA ELEMENT F, LDF (RLIN)
Subject DIP SCIENCE AND TECHNOLOGY
942 ## - ADDED ENTRY ELEMENTS (KOHA)
Item type Articles
Holdings
Withdrawn status Lost status Source of classification or shelving scheme Damaged status Not for loan Permanent location Current location Date acquired Serial Enumeration / chronology Barcode Date last seen Koha item type
          Indian Institute of Public Administration Indian Institute of Public Administration 2024-05-03 67(5), May, 2023: p.27-33 AR131808 2024-05-03 Articles

Powered by Koha